000 01107nam a2200229Ia 4500
001 282.082 092-IOA XXIII le (2399)
003 IT-MiSPE
008 171229s9999||||xx |||||||||||||| ||und||
040 _aIT-MiSPE
_cIT-MiSPE
041 _aITALIANO
100 _aGiovanni XXIII (Ioannes XXIII (Angelo Giuseppe Roncalli))
_gpapa, beato
245 0 _aLettere 1958-1963
_bIn appendice: Documenti e appunti vari
250 _a1a ed. (v)
260 _aRoma
_bEd. di Storia e Letteratura
_c1978
300 _a609 p.
_c24 cm
501 _aEdizioni San Paolo srl - Piazza Soncino, 5 - 20092 CINISELLO BALSAMO (MI) (non commercial uses only) ® Copyright 2018
520 _aTav.
700 _aLoris Francesco Capovilla
942 _cBK
957 _71
999 _a16423
_bNO
_g Copie: 1
_c349058
_d349058